Krkolomné kolotoče poézie (1948-1998)

Bibliographic Details
Main Author: Hajko, Dalimír, 1944- (Author)
Format: Article
Language:Slovak
Subjects:

MARC

LEADER 00000nab a2200000 a 4500
001 vtls000681500
003 SK-MaSNL
005 20260304101135.0
008 250426c1999 xo 0 slo
015 |a SNBRB1999/01-01018 
035 |a CLN000033667 
035 |a urn:nbn:sk:snk-abeqa8 
035 |a (urnnbn)urn:nbn:sk:snk:ar-000d0l 
035 |a (uuid)deb29a96-cea6-44c1-a480-aa87613bec4b 
040 |a SNKBUCL  |b slo  |c SNKBUCL  |e AACR2 
041 0 |a slo 
044 |a xo  |c SK 
080 |a 82(091):885.4"195"  |2 1997 
080 |a 885.4(091)"195"  |2 1997 
080 |a 885.4-1.09  |2 1997 
100 1 |a Hajko, Dalimír,  |d 1944-  |4 aut  |9 106405 
245 1 0 |a Krkolomné kolotoče poézie  |b (1948-1998)  |c Dalimír Hajko 
500 |a Začiatok 
650 0 7 |a literatúra slovenská  |x poézia  |x dejiny  |y stor. 20., r. 50.  |2 snkbucl  |9 1396105 
655 7 |a články z novín a časopisov  |2 snkbucl  |9 267496 
655 7 |a články z odboru literárna veda a krásna literatúra  |2 snkbucl  |9 770045 
773 0 |t Slovenské pohľady  |g Roč. 4+115, č. 1 (1999), s. 57-66 
850 |a Slovenská národná knižnica 
852 |a Slovenská národná knižnica 
958 |a article27 
958 |a LX 
958 |a SK 
958 |a OND 
958 |a EUIPO 
992 |a RBX 
999 |c 2840856  |d 2842786